Sports Quiz

Random Sports or Hockey Quiz
Score 0/64 Timer 10:00
6 Plays Today
Year Team % Correct
1917-18Montreal Canadiens
84%
2000-01Minnesota Wild
76.3%
1993-94Dallas Stars
76%
1995-96Colorado Avalanche
76%
1982-83New Jersey Devils
75.6%
1996-97Phoenix Coyotes
75.5%
1993-94Florida Panthers
75.3%
2000-01Columbus Blue Jackets
75.1%
2017-18Vegas Golden Knights
74.7%
1997-98Carolina Hurricanes
74.3%
1998-99Nashville Predators
74.3%
2006-07Anaheim Ducks
74.3%
1992-93Tampa Bay Lightning
74.2%
1999-2000Atlanta Thrashers
72.8%
1967-68Pittsburgh Penguins
72.7%
1967-68Philadelphia Flyers
72.4%
1972-73New York Islanders
72.2%
2014-15Arizona Coyotes
70.8%
1980-81Calgary Flames
70.6%
2011-12Winnipeg Jets
69.2%
1970-71Vancouver Canucks
68.8%
1979-80Hartford Whalers
68.6%
1986-87Chicago Blackhawks (name officially established as one word)
68.6%
1992-93Ottawa Senators
68.2%
1993-94Mighty Ducks of Anaheim
68%
1967-68Minnesota North Stars
67.9%
1979-80Quebec Nordiques
67.7%
1974-75Washington Capitals
67.5%
1979-80Winnipeg Jets
66.6%
1926-27Chicago Black Hawks
66.5%
1967-68Los Angeles Kings
66.4%
1991-92San Jose Sharks
65.5%
Year Team % Correct
1979-80Edmonton Oilers
65.4%
1926-27New York Rangers
64.8%
1967-68St. Louis Blues
64%
1924-25Boston Bruins
63.6%
1972-73Atlanta Flames
61.1%
1932-33Detroit Red Wings
60.2%
1970-71Buffalo Sabres
58%
1926-27Toronto Maple Leafs
55.1%
1976-77Colorado Rockies
51.1%
1917-18Ottawa Senators
49%
1967-68California Seals -> Oakland Seals
43.5%
1970-71California Golden Seals
41.2%
1976-77Cleveland Barons
36.9%
1932-33Ottawa Senators
35.8%
1974-75Kansas City Scouts
35.1%
1925-26New York Americans
34.7%
1931-32Ottawa Senators
33.4%
1977-78Cleveland Barons
33.1%
1924-25Montreal Maroons
32.1%
1941-42Brooklyn Americans
30.4%
1937-38Montreal Maroons
29.7%
1919-20Toronto St. Patricks
28.2%
1917-18Toronto Arenas
24.9%
1917-18Montreal Wanderers
23.1%
1925-26Pittsburgh Pirates
22.6%
1930-31Philadelphia Quakers
20.1%
1919-20Quebec Athletic Club (original team, skipped first two seasons)
20%
1926-27Detroit Cougars
19.6%
1920-21Hamilton Tigers
17%
1930-31Detroit Falcons
16.4%
1924-25Hamilton Tigers
15.6%
1934-35St. Louis Eagles
15%

You're not logged in!

Compare scores with friends on all Sporcle quizzes.
OR
Log In

Sporcle TV

Today on Sporcle TV


Watch our educational content, quiz creation guides, and fun videos on Sporcle TV.

Show Comments

Extras

Top Quizzes Today


Score Distribution

Paid Content

Your Account Isn't Verified!

In order to create a playlist on Sporcle, you need to verify the email address you used during registration. Go to your Sporcle Settings to finish the process.

Report this User

Report this user for behavior that violates our Community Guidelines.

Details: